000 00936nam a2200325 a 4500
001 vtls001438951
003 NLI
005 20250826154729.0
008 121130s1991 ii 000 0 eng
020 _cRs. 3.00 (pbk.)
_a8170582709
_qpbk
040 _aNLI
_beng
_cEnglish Processing Division
_eAACR2
041 0 _aeng
044 _aii
082 0 4 _223rd
_a181.45
_bAu 68 s (6)
100 0 _aAurobindo,
_cSri,
_d1872-1950
_9689130
245 1 4 _aThe superman /
_cSri Aurobindo
250 _a6th ed.
260 _aPondicherry :
_bSri Aurobindo Ashram,
_c1991.
300 _a20 p. ;
_c18 cm.
650 0 _aSuperman (Philosophical concept)
_91003152
650 0 _aPhilosophy, Indic
_91624637
887 _aSanchita Majumder (Int.)
887 _aPriyanka Banik(Int.)
887 _aPravinbp1
901 _aDB61643
_b06.05.1992
902 _aE 160 Au 68
904 _l1456
942 _2ddc
_cBKS
949 _6DBA000061643ENG
999 _c891760
_d891760